[Event "HUN-chT2 Szechenyi 1819"]
[Site "Hungary"]
[Date "2019.01.27"]
[Round "4.7"]
[White "Deak, Laszlo"]
[Black "Szep, Milan"]
[Result "1/2-1/2"]
[WhiteElo "1875"]
[BlackElo "2007"]
[PlyCount "54"]
[EventDate "2018.10.28"]
[EventType "team-tourn"]
[EventRounds "9"]
[EventCountry "HUN"]
[SourceTitle "EXT 2021"]
[Source "ChessBase"]
[SourceDate "2020.10.23"]
[SourceVersion "1"]
[SourceVersionDate "2020.10.23"]
[SourceQuality "1"]
[WhiteTeam "Csuti Baki Agrocentrum"]
[BlackTeam "Sarvar"]
[WhiteTeamCountry "HUN"]
[BlackTeamCountry "HUN"]

1. e4 e6 2. d4 d5 3. exd5 exd5 4. Bd3 Bd6 5. c3 Be6 6. Nf3 h6 7. 0-0 c6 8. Ne5 Ne7 9. Re1 Qc7 10. Nd2 Nd7 11. f4 0-0-0 12. Ndf3 Rdg8 13. Ng6 Nxg6 14. Bxg6 Bxf4 15. Bxf4 Qxf4 16. Bd3 g5 17. Ne5 g4 18. Ng6 fxg6 19. Rxe6 g3 20. hxg3 Qxg3 21. Qe2 h5 22. Rf1 h4 23. Rf3 Qg5 24. Qe3 Qg4 25. Be2 h3 26. Rxh3 Qf5 27. Bd3 Rxh3 1/2-1/2

[Event "HUN-chT2 Szechenyi 1516"]
[Site "Hungary"]
[Date "2015.11.08"]
[Round "4.3"]
[White "Deak, Laszlo"]
[Black "Szabo, Benjamin"]
[Result "0-1"]
[WhiteElo "1897"]
[BlackElo "2016"]
[PlyCount "56"]
[EventDate "2015.09.13"]
[EventType "team-tourn"]
[EventRounds "11"]
[EventCountry "HUN"]
[SourceTitle "CBM 170 Extra"]
[Source "ChessBase"]
[SourceDate "2016.02.25"]
[SourceVersion "1"]
[SourceVersionDate "2016.02.25"]
[SourceQuality "1"]
[WhiteTeam "Zala Volan"]
[BlackTeam "Tapolca Kolcsey"]
[WhiteTeamCountry "HUN"]
[BlackTeamCountry "HUN"]

1. e4 e5 2. Nf3 Nc6 3. Be2 Nge7 4. 0-0 g6 5. d3 Bg7 6. c3 0-0 7. Bg5 h6 8. Be3 d5 9. Qc1 Kh7 10. Rd1 f5 11. Bc5 Re8 12. exd5 Nxd5 13. d4 e4 14. Ne5 Qh4 15. Nxc6 bxc6 16. g3 Qh3 17. c4 Nf6 18. Qf4 Rb8 19. b4 Rb7 20. a4 g5 21. Qd2 f4 22. gxf4 Ng4 23. Bxg4 Bxg4 24. f3 Bxf3 25. Rf1 Qg4+ 26. Kf2 e3+ 27. Qxe3 Rxe3 28. Kxe3 gxf4+ 0-1

[Event "HUN-chT2 Szechenyi 1314"]
[Site "Hungary"]
[Date "2014.04.13"]
[Round "10.5"]
[White "Deak, Laszlo"]
[Black "Szabo, Benjamin"]
[Result "1-0"]
[WhiteElo "1922"]
[BlackElo "1800"]
[PlyCount "59"]
[EventDate "2013.09.08"]
[EventType "team-tourn"]
[EventRounds "11"]
[EventCountry "HUN"]
[SourceTitle "EXT 2016"]
[Source "ChessBase"]
[SourceDate "2015.10.08"]
[SourceVersion "1"]
[SourceVersionDate "2015.10.08"]
[SourceQuality "1"]
[WhiteTeam "Zala Volan"]
[BlackTeam "Tapolca II"]
[WhiteTeamCountry "HUN"]
[BlackTeamCountry "HUN"]

1. e4 c5 2. d4 cxd4 3. c3 d3 4. c4 Nc6 5. Bxd3 d6 6. Nf3 g6 7. 0-0 Bg7 8. Nc3 Nf6 9. h3 0-0 10. Bg5 h6 11. Be3 Ne8 12. Rc1 e5 13. c5 f5 14. cxd6 Be6 15. Bc5 Qd7 16. Nd5 Bxd5 17. exd5 Nd8 18. Nh4 Kh7 19. g4 e4 20. Bb1 Bxb2 21. gxf5 gxf5 22. Qh5 Rg8+ 23. Kh1 Rg5 24. Qe2 Bxc1 25. Rxc1 Nf6 26. Be3 Rg8 27. Rc7 Nf7 28. Rxd7 Nxd7 29. Nxf5 Ng5 30. Qh5 1-0

[Event "HUN-chT2 Szechenyi 1314"]
[Site "Hungary"]
[Date "2014.02.16"]
[Round "7.5"]
[White "Kaufmann, Attila"]
[Black "Deak, Laszlo"]
[Result "1/2-1/2"]
[WhiteElo "1973"]
[BlackElo "1922"]
[PlyCount "52"]
[EventDate "2013.09.08"]
[EventType "team-tourn"]
[EventRounds "11"]
[EventCountry "HUN"]
[SourceTitle "EXT 2016"]
[Source "ChessBase"]
[SourceDate "2015.10.08"]
[SourceVersion "1"]
[SourceVersionDate "2015.10.08"]
[SourceQuality "1"]
[WhiteTeam "Ajka Banyasz"]
[BlackTeam "Zala Volan"]
[WhiteTeamCountry "HUN"]
[BlackTeamCountry "HUN"]

1. d4 d5 2. c4 e5 3. e3 exd4 4. exd4 Nf6 5. Bg5 Be7 6. Nf3 0-0 7. Be2 dxc4 8. Bxc4 Bg4 9. Nbd2 Nc6 10. Be3 Nd5 11. 0-0 Nxe3 12. fxe3 Bg5 13. Re1 Bh6 14. Qc2 g6 15. Qc3 Bg7 16. Rac1 Rc8 17. b4 Qe7 18. a3 Bxf3 19. Nxf3 Nb8 20. Qb3 c6 21. a4 Nd7 22. Rc2 Nb6 23. Bf1 Rc7 24. e4 Rd8 25. a5 Nd7 26. e5 Nf8 1/2-1/2

[Event "Balaton op 31st"]
[Site "Heviz"]
[Date "2013.09.23"]
[Round "1"]
[White "Deak, Laszlo"]
[Black "Takacs, Balazs"]
[Result "0-1"]
[WhiteElo "1922"]
[BlackElo "2354"]
[PlyCount "62"]
[EventDate "2013.09.23"]
[EventType "swiss"]
[EventRounds "9"]
[EventCountry "HUN"]
[SourceTitle "EXT 2014"]
[Source "ChessBase"]
[SourceDate "2013.11.20"]
[SourceVersion "1"]
[SourceVersionDate "2013.11.20"]
[SourceQuality "1"]

1. e4 c5 2. Nf3 d6 3. Bb5+ Nd7 4. 0-0 Ngf6 5. d3 e6 6. b3 Be7 7. Bb2 0-0 8. Bxd7 Qxd7 9. Nbd2 b6 10. e5 dxe5 11. Nxe5 Qd5 12. Qf3 Qxf3 13. Ndxf3 Bb7 14. Rfe1 Nd5 15. a3 f6 16. Nc4 e5 17. Ne3 Nf4 18. Nd2 Rfd8 19. Ne4 Kf7 20. f3 Ne6 21. g3 g6 22. Rf1 Re8 23. Ng4 h5 24. Ne3 Rad8 25. Rae1 b5 26. f4 exf4 27. gxf4 f5 28. Nd2 Bh4 29. Re2 Nd4 30. Bxd4 cxd4 31. Ng2 Rxe2 0-1

[Event "HUN-chT2 Szechenyi 0910"]
[Site "Hungary"]
[Date "2010.04.11"]
[Round "9.6"]
[White "Bali, Eszter"]
[Black "Deak, Laszlo"]
[Result "1/2-1/2"]
[WhiteElo "1986"]
[BlackElo "2020"]
[PlyCount "62"]
[EventDate "2009.11.08"]
[EventType "team-tourn"]
[EventRounds "11"]
[EventCountry "HUN"]
[SourceTitle "EXT 2011"]
[Source "ChessBase"]
[SourceDate "2010.11.26"]
[SourceVersion "1"]
[SourceVersionDate "2010.11.26"]
[SourceQuality "1"]
[WhiteTeam "Baki Agrocentrum"]
[BlackTeam "Zala Volan"]
[WhiteTeamCountry "HUN"]
[BlackTeamCountry "HUN"]

1. e4 e5 2. Nf3 d6 3. Bc4 Be6 4. Qe2 c6 5. Nc3 Be7 6. d4 Bxc4 7. Qxc4 Nd7 8. Be3 Ngf6 9. Qb3 Qc7 10. 0-0 0-0 11. Rad1 h6 12. g3 Rfe8 13. Nh4 exd4 14. Bxd4 Nxe4 15. Nf5 Ndc5 16. Qc4 d5 17. Qe2 Nf6 18. Rfe1 Bf8 19. Qf3 Nce4 20. Nxh6+ gxh6 21. Bxf6 Nxf6 22. Qxf6 Bg7 23. Qf3 Re7 24. b3 Rae8 25. Rxe7 Qxe7 26. Kg2 Qe5 27. Rd3 Qf6 28. Qxf6 Bxf6 29. Kf1 Bxc3 30. Rxc3 Kg7 31. f4 Kg6 1/2-1/2

[Event "HUN-chT2 Szechenyi 0708"]
[Site "Hungary"]
[Date "2008.03.16"]
[Round "8"]
[White "Deak, Laszlo"]
[Black "Kiss, Laszlo1111"]
[Result "1/2-1/2"]
[WhiteElo "2046"]
[BlackElo "2038"]
[PlyCount "63"]
[EventDate "2007.10.14"]
[EventType "team"]
[EventRounds "11"]
[EventCountry "HUN"]
[SourceTitle "EXT 2009"]
[Source "ChessBase"]
[SourceDate "2008.11.26"]
[SourceVersion "1"]
[SourceVersionDate "2008.11.26"]
[SourceQuality "1"]
[WhiteTeam "Zala Volan"]
[BlackTeam "Arboretum"]
[WhiteTeamCountry "HUN"]
[BlackTeamCountry "HUN"]

1. e4 e5 2. d4 exd4 3. Nf3 Nc6 4. Bc4 Bc5 5. Ng5 Nh6 6. Nxf7 Nxf7 7. Bxf7+ Kxf7 8. Qh5+ g6 9. Qd5+ Kg7 10. Qxc5 d6 11. Qc4 Qf6 12. c3 Rf8 13. 0-0 Be6 14. Qd3 Ne5 15. Qg3 Bc4 16. Bg5 Qf7 17. Nd2 Bxf1 18. Rxf1 Qxa2 19. cxd4 Nf7 20. Be3 Rab8 21. f4 Qxb2 22. f5 c5 23. Nf3 Qc3 24. Bd2 Qd3 25. dxc5 Rbc8 26. cxd6 Qxd6 27. Bf4 Qb6+ 28. Kh1 Qa6 29. Re1 Rfe8 30. e5 Rc5 31. e6 Rxf5 32. Nd4 1/2-1/2